书目信息 |
| 题名: |
参数方程
|
|
| 作者: | 傅光国 , 陈文立 编著 | |
| 分册: | ||
| 出版信息: | 重庆 重庆出版社 1986 |
|
| 页数: | 181页 | |
| 开本: | 19cm | |
| 丛书名: | ||
| 单 册: | ||
| 中图分类: | O182.1 | |
| 科图分类: | ||
| 主题词: | 参数方程 | |
| 电子资源: | ||
| ISBN: | ||
| 000 | 00656nam0 2200253 45 | |
| 001 | 0186011399 | |
| 005 | 20040630110719.7 | |
| 010 | @dCNY1.10 | |
| 091 | @a13114.38 | |
| 100 | @a19900818d1986 em y0chiy0121 ea | |
| 101 | 0 | @achi |
| 102 | @aCN@b510000 | |
| 105 | @ay z 000yy | |
| 106 | @ar | |
| 200 | 10 | @a参数方程@Acan shu fang cheng@f傅光国, 陈文立编著 |
| 210 | @a重庆@c重庆出版社@d1986 | |
| 215 | @a181页@d19cm | |
| 606 | @a参数方程 | |
| 690 | @aO182.1@v3 | |
| 701 | 0 | @a傅光国@Afu guang guo@4编著 |
| 701 | 0 | @a陈文立@Achen wen li@4编著 |
| 801 | 0 | @aCN@b深圳图书馆@c20040525 |
| 801 | 2 | @aCN@bNLC@c20040525 |
| 905 | @dO182.1@e20@f1@b169544 | |
| 参数方程/傅光国, 陈文立编著.-重庆:重庆出版社,1986 |
| 181页;19cm |
| ISBN :CNY1.10 |
| ● |
| 相关链接 |
|
|
|
|
正题名:参数方程
索取号:O182.1/20
 
预约/预借
| 序号 | 登录号 | 条形码 | 馆藏地/架位号 | 状态 | 备注 |
| 1 | 0169544 | 001933849 | 第三借阅区/ [索取号:O182.1/20] | 在馆 | |
| 2 | 0169545 | 000398028 | 第三借阅区/ [索取号:O182.1/20] | 在馆 | |
| 3 | 0169546 | 000398037 | 第三借阅区/ [索取号:O182.1/20] | 在馆 | |
| 4 | 0169547 | 000398046 | 第三借阅区/ [索取号:O182.1/20] | 在馆 | |
| 5 | 0169548 | 000398064 | 第二样本阅览室/ [索取号:O182.1/20] | 在馆 |